[Event "10th Mumbai Mayors Cup 2017"]
[Site "Mumbai"]
[Date "2017.06.09"]
[Round "8"]
[White "Moksh Amit Doshi"]
[Black "Navalgund, Niranjan"]
[Result "0-1"]
[WhiteElo "2188"]
[BlackElo "2351"]
[Annotator "TA"]
[PlyCount "90"]
[EventDate "2017.06.04"]
[EventType "swiss"]
[EventCountry "IND"]
[SourceTitle "playchess.com"]
[Source "ChessBase"]
[SourceQuality "1"]

{[%evp 19,90,0,9,-13,7,0,0,-18,-9,-12,-13,-13,-16,-13,-10,-20,-23,-44,-18,-27,0,0,0,0,0,7,0,-30,0,0,0,-108,-86,-93,-85,-155,-131,-158,-100,-76,-79,-84,-82,-128,-113,-119,-112,-97,-77,-132,-16,-80,-25,-98,-82,-76,-82,-82,-73,-166,-166,-312,-310,-203,-204,-364,-354,-338,-312,-876,-880,-879,-858]} 1. d4 {[%cal Bd2d4,Bd4d5][%mdl 32]} Nf6 2. c4 c5 3. d5 b5 4. Qc2 bxc4 5. e4 e6 6. Nc3 {A57: Benko/Volga Gambit} d6 7. Bxc4 exd5 8. exd5 Be7 9. Nge2 O-O 10. O-O Nbd7 {LiveBook: 12 Games} 11. Nf4 $146 ({Predecessor:} 11. Ng3 Nb6 12. b3 Re8 13. Re1 {1-0 (34) Mamedyarov,S (2753)-Nguyen,N (2625) Khanty-Mansiysk 2013}) 11... Nb6 12. Be2 Bb7 {[%cal Rb6d5]} 13. Bf3 Rb8 14. Rd1 Re8 15. b3 $1 Bf8 16. Bb2 g6 17. Nfe2 {[%cal Bf4e2,Be2g3,Bg3f1][%mdl 32]} Bg7 18. Ng3 h5 {[%cal Bh7h5,Bh5h4][%mdl 32]} 19. h3 h4 20. Nf1 $1 Nfd7 {[%cal Bf6d7,Bd7e5,Be5f3][%mdl 32]} 21. Ne3 Ne5 22. Be2 f5 23. f4 Nf3+ 24. Bxf3 {Threatens to win with Qd3.} Rxe3 25. Ne2 (25. Nb5 $11) 25... Qe7 {...Rxf3! is the strong threat.} 26. Bxg7 Kxg7 27. Rd3 (27. Nc3 $142) 27... Re8 $17 {White must now prevent ...Rxf3!} 28. Qc3+ Kh7 (28... Kh6 $142 29. Rxe3 Qxe3+ 30. Qxe3 Rxe3) 29. Rxe3 Qxe3+ 30. Qxe3 Rxe3 31. Rd1 Ba6 $1 {[%cal Ra6e2]} 32. Kf2 {[#]} Bxe2 $1 33. Bxe2 {[%mdl 4096] Endgame KRB-KRN} Re4 34. Bf3 (34. Kf3 $142) 34... Re7 (34... Rxf4 $17 {Hoping for ...Nd7.} 35. g3 hxg3+ 36. Kxg3 Rd4 37. Rxd4 cxd4) 35. a3 (35. g4 $11) 35... Kg7 ({Better is} 35... a5 $17) 36. Re1 (36. b4 $1 $11) 36... Rxe1 37. Kxe1 {KB-KN} g5 38. fxg5 Kg6 39. Kd2 (39. Kf2 $17) 39... Kxg5 $19 40. Ke3 {[#]} (40. b4 $142) 40... a5 $1 {[%cal Ba7a5,Ba5a4][%mdl 32]} 41. a4 Kf6 42. Kf4 $2 (42. Kd3 {was called for.}) 42... c4 43. bxc4 Nxa4 44. Bd1 $2 (44. Ke3 Nb2 45. Kd4) 44... Nc3 45. Bc2 a4 {Precision: White = 25%, Black = 65%.} 0-1

[Event "10th Mumbai Mayors Cup 2017"]
[Site "Mumbai"]
[Date "2017.06.09"]
[Round "8"]
[White "Pranavananda V"]
[Black "Karthik Venkataraman"]
[Result "1/2-1/2"]
[WhiteElo "2166"]
[BlackElo "2317"]
[Annotator "TA"]
[PlyCount "159"]
[EventDate "2017.06.04"]
[EventType "swiss"]
[EventCountry "IND"]
[SourceTitle "playchess.com"]
[Source "ChessBase"]
[SourceQuality "1"]

{[%evp 12,159,43,29,102,94,84,77,88,64,64,57,132,100,163,83,80,80,87,0,10,0,4,6,30,0,61,27,31,0,54,0,0,0,0,0,0,0,0,0,0,0,0,0,0,0,23,29,36,26,27,27,18,21,16,0,0,-28,0,-227,-228,-211,-197,-135,0,0,0,0,0,0,206,179,289,295,391,307,253,231,231,231,231,231,231,231,231,231,226,164,185,68,171,171,356,31,52,32,64,26,30,26,26,20,20,20,369,0,20,0,362,14,28,22,350,347,334,317,246,152,291,37,489,0,0,0,0,0,0,0,0,0,0,0,0,0,0,0,0,0,0,0,0,0,0,0,0,0,0,0,0,0]} 1. e4 a6 2. d4 b5 3. Nf3 Bb7 4. Bd3 e6 5. Qe2 c5 6. c3 {B00: Queen's Fianchetto Defence, Nimzowitsch Defence} Nf6 7. Nbd2 {LiveBook: 9 Games} (7. e5 $5 {[%cal Re5f6]} Nd5 8. dxc5 $14) 7... Be7 (7... c4 $11 {keeps the balance.} 8. Bc2 Be7) (7... cxd4 8. cxd4 Be7 9. O-O d6 10. Re1 O-O 11. Nf1 Nbd7 12. Ng3 Qc7 13. Bg5 Rfc8 {1-0 (32) Rublevsky,S (2702)-Nielsen,P (2654) Berlin 2015}) 8. dxc5 $146 {White is better.} ({Predecessor:} 8. Nf1 cxd4 9. cxd4 Nc6 10. Ng3 Qa5+ 11. Bd2 Bb4 12. Bxb4 Qxb4+ 13. Qd2 Ke7 {½-½ (21) Baskin,R (2329)-Richter,W (2385) Germany 2015}) 8... Bxc5 9. e5 Nd5 10. Ne4 Be7 11. a4 bxa4 (11... Nc6 $14) 12. Bg5 Bc6 (12... O-O $16) 13. c4 (13. Bxe7 $18 Qxe7 14. Nd6+ Kf8 15. Qd2) 13... Nb4 14. Nd6+ Kf8 15. Bd2 (15. Bxe7+ $16 Qxe7 16. O-O) 15... Bxd6 $11 16. exd6 Nxd3+ 17. Qxd3 a5 18. Ne5 Qb6 ({Don't go for} 18... Bxg2 $2 19. Rg1 $18) (18... f6 $11 19. Nxc6 Nxc6) 19. Bc3 (19. Qg3 $5 {[%cal Rg3h4]}) 19... f6 20. Qh3 Qc5 (20... Na6 $11 21. Qh4 Qb7) 21. Ng6+ (21. Qg3 $14) 21... hxg6 22. Qxh8+ Kf7 23. O-O Na6 {[%cal Bb8a6,Ba6c5,Bc5e6][%mdl 32]} 24. Qh4 Qf5 25. Rad1 Nc5 26. f3 e5 27. f4 {And now fxe5 would win.} Qe4 $40 {[%csl Gc6][%cal Re4g2][%mdl 128] Black attacks.} 28. Qg3 {[%cal Rf4e5]} Ne6 {[%cal Re5f4]} 29. fxe5 f5 30. c5 Rh8 31. Bxa5 Rh5 {White must now prevent ...Rg5.} 32. Bd2 Qd4+ 33. Be3 Qxb2 34. Qf2 Qb3 35. g4 $2 (35. Rb1 $11 Qd5 36. Qg3 (36. Rb8 a3 $15)) 35... Rh4 $1 $19 {[%cal Rh4g4]} 36. Qxh4 Qxe3+ 37. Rf2 {[#]} (37. Qf2 $19 Qe4 38. Qg3) 37... Ng5 ({Black should play} 37... Qe4 $1 $17 {[%csl Gc6][%cal Re4h1]} 38. Kf1 a3) 38. e6+ $1 $11 Kxe6 {Hoping for ...Nf3+.} 39. gxf5+ gxf5 {( -> ...Nf3+)} 40. Qc4+ Ke5 $2 (40... Kf6 $11 {and Black has nothing to worry.} 41. Qd4+ Qxd4 42. Rxd4 Nh3+ 43. Kf1 Nxf2 44. Kxf2 g5) 41. Qe2 $18 Nh3+ (41... Qxe2 {was necessary.} 42. Rxe2+ Ne4) 42. Kf1 Bb5 43. Ke1 Bxe2 44. Rxe2 Qxe2+ 45. Kxe2 {[%mdl 4096] Endgame KR-KN} Nf4+ 46. Kf3 Ne6 47. c6 $1 {[%cal Rc6c7]} dxc6 48. d7 Nd8 49. Ra1 Ke6 50. Rxa4 ({White should try} 50. h4 $18) 50... g5 (50... Nf7 $1 $14) 51. Ra5 Nb7 $2 (51... Nf7 52. Rc5 Kxd7 53. Rxf5 Ke6) 52. Ra7 $2 ({Only move:} 52. Ra8 $18 Kxd7 53. Rg8) 52... Nd8 $14 53. Ke3 {Strongly threatening Ra5.} Kd6 $1 54. Ra5 c5 55. Ra7 Ne6 56. Kd3 g4 $1 57. Ke3 Kc6 $2 {[%mdl 8192]} (57... Ke7 $11) 58. Kd3 $2 (58. d8=Q $18 {White threatens Qd7+ and mate.} Nxd8 59. Kf4) 58... Kd6 $1 $11 59. Ke3 $2 {[%mdl 8192]} (59. Ke2 $11) 59... Kc6 $18 {[#]} 60. Kf2 $2 ({Better is} 60. d8=R $1 $18 {[%mdl 512]} Nxd8 61. Kf4) 60... Kd6 (60... Kb6 $5 {[%cal Rb6a7]} 61. Ra8 Kc7 $11) 61. Kg3 Kc6 $2 {[%mdl 8192]} (61... Ke7 $1 $11) 62. d8=Q Nxd8 63. Kf4 c4 64. Kxf5 Kb5 (64... Kc5 $16) 65. Kxg4 $2 (65. Ke4 $18) 65... c3 $14 66. Kf3 $2 ({White must play} 66. Kf5 $18) 66... c2 $11 {The position is equal.} 67. Ra1 {aiming for Rc1.} Kc4 68. Ke3 Kc3 $1 69. Rg1 Ne6 70. h4 Ng7 71. Ke2 (71. Kf3 $5 {[%cal Rg1g7]} Kb2 72. Rh1 $11) 71... Nh5 72. Ke3 Ng7 73. Kf4 Kb2 74. Kg5 c1=Q+ 75. Rxc1 Kxc1 76. Kg6 Ne6 $1 77. Kf6 Nf4 78. Kg5 Ne6+ 79. Kg4 Ng7 80. h5 {Precision: White = 40%, Black = 48%.} 1/2-1/2

[Event "10th Mumbai Mayors Cup 2017"]
[Site "Mumbai"]
[Date "2017.06.09"]
[Round "8"]
[White "Ramakrishna, J.."]
[Black "Salonika, Saina"]
[Result "1-0"]
[WhiteElo "2157"]
[BlackElo "1994"]
[Annotator "TA"]
[PlyCount "75"]
[EventDate "2017.06.04"]
[EventType "swiss"]
[EventCountry "IND"]
[SourceTitle "playchess.com"]
[Source "ChessBase"]
[SourceQuality "1"]

{[%evp 21,75,17,27,20,35,27,42,29,35,29,6,35,21,11,41,30,35,15,91,38,29,34,25,0,78,78,92,-54,41,34,23,-14,65,72,72,-81,-41,0,0,0,878,859,825,395,820,996,29986,29987,29987,29987,29994,29995,29995,1631,1616,1477]} 1. c4 Nf6 2. Nc3 g6 3. g3 Bg7 4. Bg2 d6 5. d3 O-O 6. Nf3 e5 7. O-O Nc6 8. Rb1 h6 9. b4 {[%cal Bb2b4,Bb4b5][%mdl 32]} Be6 10. b5 Ne7 11. a4 Qd7 12. Ba3 {A26: English Opening vs King's Indian with ...Nc6 and d3} Bh3 (12... Rfe8 13. Nd2 Rab8 14. a5 b6 15. Nde4 Nh7 16. axb6 axb6 17. Bb2 f5 18. Nd2 Nf6 19. Ra1 d5 20. cxd5 Nexd5 21. Nxd5 Bxd5 22. Bxd5+ Qxd5 {1-0 (74) Nepomniachtchi,I (2705)-Nakamura,H (2816) Baku 2015}) 13. e4 Bg4 {[#]} 14. Qb3 $146 {White is slightly better.} ({Predecessor:} 14. Nd5 Nh7 15. Nxe5 Nxd5 16. Nxd7 Bxd1 17. Nxf8 Nc3 18. Rbxd1 Nxd1 19. Nxg6 Nc3 {1-0 (57) SGH,P (2539)-Mutafov,K (2173) Dos Hermanas 2004}) 14... Nh7 15. Nd5 Nxd5 16. cxd5 f5 17. Nd2 fxe4 18. dxe4 Rf7 19. Qe3 h5 (19... Bh3 $11 {keeps the balance.}) 20. Nc4 (20. Rbc1 $16) 20... Raf8 $14 21. f3 (21. Qxa7 Be2 $15) 21... Bh3 22. Na5 b6 (22... g5 $11 {remains equal.}) 23. Nc6 $16 Bf6 24. a5 (24. Qh6 $16) 24... Bg5 (24... Ng5 $1 $15) 25. Qe2 $36 {[%mdl 2048] White is more active.} Bh6 26. a6 Ng5 ({Black should play} 26... Bxg2 $11 27. Qxg2 Be3+ 28. Kh1 Ng5 29. Nxe5 (29. Nxa7 $2 Rxf3 30. Rxf3 Rxf3 $19) 29... dxe5) 27. Rb3 $1 ({Don't play} 27. Nxa7 Bxg2 28. Kxg2 (28. Qxg2 Rxf3 29. Rxf3 Nxf3+ 30. Kh1 Qg4 $15) 28... Qh3+ 29. Kh1 Nxf3 $15) 27... Bxg2 28. Kxg2 $2 {[#]} (28. Qxg2 $16 {is necessary to keep the advantage.} Nxe4 29. Nxe5 dxe5 30. Bxf8) 28... Qh3+ 29. Kg1 {Strongly threatening Bc1.} h4 30. Bc1 $1 {[%cal Rc1g5]} Nxf3+ $2 {[%mdl 8192]} (30... hxg3 $11 31. Bxg5 Bxg5) 31. Rbxf3 $18 ({Less strong is} 31. Rfxf3 Bxc1 32. Rxf7 Kxf7 $16) 31... Rxf3 32. Rxf3 (32. Ne7+ $142 Kh8 33. Rxf3 Rxf3 34. Qxf3 hxg3 35. hxg3) 32... Rxf3 $2 {[#]} (32... Bxc1 33. Nxa7 hxg3 34. hxg3 (34. Rxg3 Qh6 $16) 34... Re8) 33. Qxf3 Bxc1 34. Qf6 Be3+ 35. Kh1 Qg4 36. Ne7+ Kh7 37. Qxh4+ (37. Qf7+ $142 Kh6 38. Ng8+ Kg5 39. Qf6+ Kh5 40. Qh8+ Kg5 41. Qh6#) 37... Qxh4 38. gxh4 {Precision: White = 30%, Black = 19%.} 1-0

[Event "10th Mumbai Mayors Cup 2017"]
[Site "Mumbai"]
[Date "2017.06.09"]
[Round "8"]
[White "Raja Rithvik R"]
[Black "Gajwa Ankit"]
[Result "0-1"]
[WhiteElo "2155"]
[BlackElo "2309"]
[Annotator "TA"]
[PlyCount "68"]
[EventDate "2017.06.04"]
[EventType "swiss"]
[EventCountry "IND"]
[SourceTitle "playchess.com"]
[Source "ChessBase"]
[SourceQuality "1"]

{[%evp 23,68,33,49,34,29,22,26,31,40,39,47,29,17,29,39,19,16,0,14,-84,-96,-90,-87,-176,-187,-194,-43,-192,-207,-193,-189,-174,-127,-263,-196,-464,-454,-591,-597,-587,-598,-588,-591,-617,-593,-587,-587]} 1. Nf3 Nf6 2. c4 g6 3. g3 Bg7 4. Bg2 O-O 5. d4 d6 6. Nc3 Nbd7 7. O-O e5 8. e4 c6 9. h3 Qb6 10. Re1 exd4 11. Nxd4 Re8 12. Re2 Qb4 13. Rc2 {E69: King's Indian: Fianchetto: 6...Nbd7 7 0-0 e5 8 e4 c6 9 h3} Nc5 {[%cal Rf6e4]} 14. Bd2 {Strongly threatening Ncb5.} Qb6 {[%cal Rf6e4]} 15. Be3 {White has an edge.} Qc7 {[%cal Rf6e4]} 16. f3 a5 17. Qd2 a4 18. Rd1 Nfd7 {[%cal Bf6d7,Bd7e5,Be5f3][%mdl 32]} 19. Qf2 Ne5 20. Bf1 Qe7 {[#]} 21. Rcd2 $146 (21. Bc1 $11) 21... f5 $1 $17 22. exf5 Nxf3+ 23. Nxf3 (23. Qxf3 $17 Qxe3+ 24. Qxe3 Rxe3 25. Kf2) 23... Qxe3 $19 24. fxg6 hxg6 $2 (24... a3 $1 $19 25. b4 Bxc3 26. bxc5 Bxd2 27. Rxd2 Qxf2+ 28. Kxf2 dxc5 29. gxh7+ Kxh7) 25. Nd4 (25. a3 $15) 25... a3 26. b4 Qxc3 27. bxc5 dxc5 28. Nb3 (28. Rd3 $17 Qb2 29. R1d2) 28... Bf5 29. g4 $2 (29. Rc1 {only move.} Qf6 30. Re1) 29... Bh6 $1 {[%cal Bg7h6,Bh6e3,Be3f4][%mdl 32] White must now prevent ...Be3.Black is clearly winning.} 30. Re2 {[#]} Rxe2 $1 31. Qxe2 Qg3+ 32. Kh1 Be3 {[%csl Ge3][%cal Rg3g1]} 33. Bg2 Bf4 {[%csl Gf4][%cal Rg3h2]} 34. Kg1 {[#]} Qe3+ $1 {Precision: White = 27%, Black = 68%.} 0-1

[Event "10th Mumbai Mayors Cup 2017"]
[Site "Mumbai"]
[Date "2017.06.09"]
[Round "8"]
[White "Bartakke, Amardeep S"]
[Black "Karthik Kumar Pradeep"]
[Result "1/2-1/2"]
[WhiteElo "2101"]
[BlackElo "1978"]
[Annotator "TA"]
[PlyCount "90"]
[EventDate "2017.06.04"]
[EventType "swiss"]
[EventCountry "IND"]
[SourceTitle "playchess.com"]
[Source "ChessBase"]
[SourceQuality "1"]

{[%evp 17,90,-7,-12,-13,0,0,0,0,47,38,63,0,25,0,16,8,9,14,4,0,-14,-18,0,0,0,0,44,41,33,0,48,0,0,-26,-16,-47,-48,-48,-52,-49,-53,-48,-33,-181,-181,-681,-160,-164,-164,-164,-164,-164,-164,-362,-228,-210,-142,-142,-126,-143,-137,-142,-128,-127,-123,-137,-115,-110,-85,-100,-55,-66,-45,-46,-44]} 1. e4 c5 2. Nf3 {[%cal Bg1f3,Bf3d4,Bd4b5,Bb5c3,Bc3d5][%mdl 32]} e6 3. d4 cxd4 4. Nxd4 Nc6 5. Nb5 d6 6. Bf4 e5 7. Be3 Nf6 8. Bg5 a6 9. N5c3 Be7 10. Nd2 {B44: Sicilian: Taimanov: 5 Nb5} (10. Bxf6 $5 Bxf6 11. Nd5 $11) 10... O-O 11. Bxf6 Bxf6 12. Nc4 {The position is equal.} Nd4 (12... Be6 13. Nd5 b5 14. Nce3 Bg5 15. Be2 g6 16. O-O Kh8 17. c3 f5 18. exf5 gxf5 {½-½ (46) Ponomariov,R (2756)-Dubov,D (2624) Tromsoe 2013}) 13. Nd5 b5 14. Nce3 (14. Ncb6 $14 Rb8 15. Nxc8) 14... Bb7 15. Bd3 Bg5 16. c3 Ne6 17. O-O Nc5 $146 ({Predecessor:} 17... Bxe3 18. fxe3 Bxd5 19. exd5 {0-1 (40) Breder,D (2431)-Handke,F (2460) Germany 2005}) 18. Bc2 Bxe3 19. fxe3 Bxd5 20. Qxd5 Qc7 21. Rf2 Kh8 22. Rd1 Rad8 23. a3 f6 24. Qa2 (24. b4 $5 {[%cal Rb4c5]}) 24... Qc6 25. Rd5 Nd7 {[%cal Bc5d7,Bd7b6,Bb6c4,Bc4b2][%mdl 32]} 26. a4 Nb6 27. axb5 axb5 28. Qa6 Ra8 $1 {[%cal Ra8a6]} 29. Qxb5 Qc7 30. Rd1 ({White has to play} 30. Rd3 $1 $15) 30... Nc4 $36 {[%mdl 2048] ...Rfb8 is the strong threat. Black is really pushing.} 31. Rf3 $2 {[#]} (31. Ba4 Nxe3 32. Re1) 31... Rab8 $2 (31... Ra5 $19 32. Qb4 Rb8) 32. Qd5 Nxb2 33. Rd2 Qxc3 34. Re2 Nc4 35. Bd3 $2 (35. h3 {was worth a try.}) 35... Nb6 36. Qb5 Na4 37. Qxa4 {[#] Black must now prevent Qd1.} Qxd3 38. Qc2 Qa3 39. Rf1 Rfc8 40. Qd2 Qa4 41. Qd5 Qa6 42. Rd2 Qb6 43. Kf2 Qb4 44. Rfd1 h6 45. Kf3 Rd8 {Precision: White = 37%, Black = 48%.} 1/2-1/2

[Event "10th Mumbai Mayors Cup 2017"]
[Site "Mumbai"]
[Date "2017.06.09"]
[Round "8"]
[White "Nayak Rajesh"]
[Black "Ziatdinov, Raset"]
[Result "1/2-1/2"]
[WhiteElo "2092"]
[BlackElo "2301"]
[Annotator "TA"]
[PlyCount "91"]
[EventDate "2017.06.04"]
[EventType "swiss"]
[EventCountry "IND"]
[SourceTitle "playchess.com"]
[Source "ChessBase"]
[SourceQuality "1"]

{[%evp 12,91,8,-4,-4,0,0,0,4,-66,-61,-106,35,53,54,43,42,38,245,0,215,205,208,212,280,141,126,123,124,-50,-39,-115,-129,-113,-66,-75,-72,-190,-191,-395,-428,-416,-426,-488,-488,-487,-486,-473,-476,-497,-94,-94,-95,-110,-117,-380,-380,-380,-380,-380,-380,-380,-380,-375,218,177,183,195,187,205,191,192,180,0,0,8,0,0,0,0,49,0]} 1. e4 e5 2. Nf3 Nc6 3. Nc3 Nf6 4. Bb5 Bd6 5. O-O (5. d3 h6 6. a3 a6 7. Bc4 Bc5 8. b4 Ba7 9. h3 d6 10. Ne2 Be6 11. Bxe6 fxe6 12. Ng3 O-O 13. c3 Qe8 14. O-O Nh5 15. Nxh5 Qxh5 {½-½ (24) Svidler,P (2741)-Yu,Y (2750) Shenzhen 2017}) 5... O-O 6. Re1 {C48: Four Knights: 4 Bb5, replies other than 4...Bb4} Re8 7. a3 {LiveBook: 4 Games} Nd4 8. Bc4 {The position is equal.} c6 9. d3 Bc7 10. Bg5 $146 ({White should try} 10. Ba2 $11) ({Predecessor:} 10. h3 Ne6 11. Ba2 h6 12. Bd2 d6 {½-½ (98) Pham,L (2335)-Tin,J (2411) Ho Chi Minh City 2016}) 10... h6 $15 11. Bh4 d5 (11... Nxf3+ $17 12. gxf3 (12. Qxf3 g5 $17) 12... b5) 12. exd5 $14 Bg4 13. dxc6 bxc6 14. Ne4 $1 g5 $2 ({Better is} 14... Bh5 $14) 15. Bg3 $2 ({White must play} 15. Nfxg5 $1 $18 hxg5 16. Nxf6+ Qxf6 17. Qxg4 Nxc2 18. Bxg5) 15... Nd5 $2 {[#]} (15... Nxe4 $11 16. dxe4 (16. Rxe4 Nxf3+ 17. gxf3 Bf5 $14) 16... Qf6) 16. Nxd4 $3 $18 {[%mdl 512]} Bxd1 (16... exd4 17. Qxg4) 17. Nxc6 Qd7 {[#] And now ...Kg7 would win.} 18. Bxd5 (18. Nb4 $1 $18) 18... Kg7 $16 19. c4 Bh5 20. Nxe5 $2 (20. Nc5 $16 Qc8 21. b4) 20... Bxe5 $15 21. Bxe5+ (21. Bxa8 $15 Bxb2 22. Rab1 Rxa8 23. Rxb2) 21... Rxe5 $17 22. Bxa8 {Hoping for Bd5.} Qxd3 23. Bd5 Bg6 $36 {[%cal Rg6e4][%mdl 2048] Black is really pushing.} 24. Rad1 (24. Re3 $17 Qd4 25. Rae1) 24... Qc2 $19 25. Ng3 $2 (25. f3 {is a better defense.}) 25... Rxe1+ 26. Rxe1 Qxb2 27. h3 Qxa3 28. Re3 Qa1+ 29. Kh2 a5 30. Re7 Qd4 $2 {[#]} (30... Qf6 $19 {is more deadly.} 31. Re2 Qd6) 31. Rxf7+ $1 $17 {[%mdl 512]} Kh8 (31... Bxf7 32. Nf5+) 32. Rf8+ Kh7 33. Rd8 $2 {[%mdl 8192]} (33. Ra8 $17) 33... Qxf2 $19 34. Rd7+ Kh8 35. Rd8+ Kg7 36. Rd7+ Kf8 37. Rd6 Bf7 $4 {[%mdl 8192]} (37... Qc2 $19 {and all is fine. ...h5 is the strong threat.} 38. Bf3 Bf7) 38. Ne4 $18 Qf4+ 39. g3 Qe5 40. Rf6 a4 41. Rxf7+ Ke8 42. Nf6+ $2 (42. Rf5 $18 Qd4 43. Rf2) 42... Kd8 $11 {Black wants to play ...Qb2+.} 43. Rf8+ Kc7 44. Rf7+ Kd8 45. Rf8+ Kc7 46. Rf7+ {Precision: White = 34%, Black = 48%.} 1/2-1/2

[Event "10th Mumbai Mayors Cup 2017"]
[Site "Mumbai"]
[Date "2017.06.09"]
[Round "8"]
[White "Sanjeev, Kumar"]
[Black "Kulkarni Bhakti"]
[Result "1/2-1/2"]
[WhiteElo "2076"]
[BlackElo "2292"]
[Annotator "TA"]
[PlyCount "157"]
[EventDate "2017.06.04"]
[EventType "swiss"]
[EventCountry "IND"]
[SourceTitle "playchess.com"]
[Source "ChessBase"]
[SourceQuality "1"]

{[%evp 20,157,64,56,57,58,56,60,58,56,56,57,91,96,127,99,76,67,71,76,82,29,20,22,41,29,66,66,74,74,131,126,201,193,176,117,121,122,127,123,116,75,143,118,117,52,154,74,83,68,156,72,96,75,72,89,90,67,100,85,194,206,166,167,231,39,44,0,0,0,0,0,-8,-8,-8,-8,-8,-8,-8,-8,-8,-8,-8,-8,-8,-8,0,-8,-8,-8,-8,-8,0,0,0,-8,-8,-8,0,-8,0,0,0,0,0,0,0,0,0,0,0,0,0,0,0,0,0,0,0,0,0,0,0,0,0,0,0,0,0,0,0,0,102,0,0,0,0,0,0,0]} 1. e4 e5 2. Nf3 Nc6 3. Bb5 {[%cal Bf1b5,Bb5a4,Ba4b3][%mdl 32]} a6 4. Ba4 Nf6 5. O-O Be7 6. Re1 b5 7. Bb3 d6 8. c3 Bg4 9. h3 Bd7 10. d4 O-O 11. Nbd2 {[%cal Bb1d2,Bd2f1,Bf1g3,Bg3h5][%mdl 32]} Qc8 {C84: Closed Ruy Lopez: Unusual White 6th moves} (11... exd4 12. cxd4 Na5 13. e5 Nh5 14. Bc2 Nf4 15. Ne4 Ng6 16. Neg5 Qc8 17. b3 d5 18. e6 Bxe6 19. Bxg6 hxg6 20. Qd2 Nc6 21. Qf4 Bxg5 22. Nxg5 {1-0 (22) Perunovic,M (2618)-Bukvic,M (2112) Niksic 2016}) 12. Nf1 h6 13. Ng3 Re8 $146 {White is slightly better.} ({Predecessor:} 13... exd4 14. cxd4 Nd8 15. Bf4 Ne6 16. Be3 c6 17. Rc1 {1-0 (30) Ramos,F (1400)-Gyongyosi,P (800) IECG email 2006}) 14. Nh4 Na5 15. Bc2 Nh7 16. Nhf5 Bg5 17. Nh5 Bxc1 18. Rxc1 Bxf5 $1 19. exf5 Qd8 20. f4 (20. b3 $16) 20... exf4 $1 $11 21. Rxe8+ $40 {[%mdl 128] White attacks.} Qxe8 22. Qg4 {[%csl Gh5][%cal Rg4g7]} Ng5 {Strongly threatening ...Qe3+.} 23. Qxf4 f6 $1 24. Ng3 Nc4 (24... d5 $142) 25. h4 $16 Nh7 (25... Nf7 $16 {is a better defense.}) 26. Be4 $1 $18 {[%cal Re4a8]} Rd8 27. b3 (27. Bd5+ $18 Kh8 28. Qf2) 27... Nb6 $16 28. Re1 Qd7 29. Bf3 Re8 30. Re4 Rxe4 (30... Nf8 $142) 31. Qxe4 (31. Nxe4 $6 Nd5 $14) (31. Bxe4 d5 $14) 31... d5 32. Qe3 ({Better is} 32. Qe6+ $1 $16 Qxe6 33. fxe6) 32... Kf8 (32... Nf8 $14) 33. Kf2 (33. Nh5 $142 $1) 33... Nc8 34. Qf4 Ne7 (34... a5 $14) 35. Be2 (35. Qg4 $142 $1) 35... Qc6 36. Qe3 Qd7 37. Bd3 Kg8 38. c4 dxc4 39. bxc4 c6 (39... Nf8 $16) 40. Qe6+ $1 $18 Qxe6 41. fxe6 {[%mdl 4096] Endgame KBN-KNN} g6 {[#]} (41... f5 $142 42. cxb5 (42. Nxf5 Nxf5 43. Bxf5 Nf6 $16) 42... cxb5) 42. cxb5 $2 (42. d5 $1 $18 {[%cal Rd5d6] d6 is the strong threat.} cxd5 43. cxd5 (43. cxb5 axb5 44. h5 Ng5 $14) 43... Nxd5 44. Bxg6) 42... axb5 $14 43. Ne4 (43. d5 $5 cxd5 44. h5 $14 (44. Bxb5 Nf8 $11)) 43... f5 44. Nc5 Kg7 45. Bc2 Nf6 46. a4 bxa4 47. Bxa4 Nfd5 48. Nd7 Nc3 49. Bb3 g5 50. hxg5 hxg5 51. Ke3 Ncd5+ 52. Ke2 Ng6 53. g3 Nge7 54. Kf3 g4+ 55. Kf2 Nf6 56. Bc2 Ne8 57. Ke2 Nc7 58. Bb3 Ncd5 59. Kf2 Kh6 60. Ne5 {And now Nxc6! would win.} Nc3 61. Ke3 Kg5 62. Nxc6 Nxc6 63. d5 {[#]} Nxd5+ $1 {[%mdl 512]} 64. Bxd5 $11 {KB-KN} Ne7 65. Kd4 Kf6 66. Bc4 Ng6 67. Kd5 Ne7+ 68. Kd6 Nc8+ 69. Kc7 Ne7 70. Kd7 Ng6 71. Kd8 Ne5 72. Bd5 {Threatens to win with e7.} Ng6 73. Kd7 Ke5 74. Bc4 ({Wrong is} 74. e7 $2 Nxe7 75. Bb7 Nd5 $19) 74... Kd4 75. Bb5 {Black must now prevent Kd6.} Ke3 {[#]} (75... Ke5 $11) 76. e7 ({Much worse is} 76. Kd8 $6 f4 $11) (76. Ke8 $1 $16 {[%cal Re8f7]} f4 77. Kf7 fxg3 78. Kxg6) 76... Nxe7 $1 {The position is equal.} 77. Kxe7 Kf3 78. Bd7 Kxg3 79. Bxf5 {Precision: White = 55%, Black = 62%.} 1/2-1/2